00349nam a2200133Ia 45000030006000000080041000060400015000471000014000622450039000762600063001153000006001785460014001840050017001980STCL150530s9999 xx 000 0 und d aSTCLcSTCL aJoy, M.S. aKeralathile Vanyajeevisankethangal bState Institute of Lanagauge; Trivandrumc1991aTrivandrum a0 aMalayalam20220125165821.0